Методологічний фундамент економічних поглядів М.І, Тугана-Барановського (до 150-річчя від дня народження) (Запис № 398247)

МАРК-запис
000 -Лідер
fixed length control field 00753nam a22002297a 4500
003 - Ідентифікатор контрольного номера
control field UA-OsUOA
001 - Контрольний номер
control field 112165
007 - Фіксоване поле фізичного опису
fixed length control field ta
008 - Елементи даних фіксованої довжини – загальна інформація
fixed length control field 20150622b un ||||| |||| 00| 0 ukr d
090 ## - Локальний шифр розміщення
Класифікаційний індекс УДК 330
Авторський знак (НП) Е99
040 ## - Джерело каталогізації
Агенція оригінальної каталогізації UA-OsUOA
Мова каталогізації ukr
Агенція, яка здійснювала перезапис UA-OsUOA
Агенція, яка здійснювала модифікацію UA-OsUOA
041 ## - Код мови
Код мови тексту/ звукової доріжки чи окремого заголовка (П) ukr
080 ## - Індекс Універсальної десяткової класифікації
Індекс Універсальної десяткової класифікації (УДК) (НП) 330
100 ## - Основне введення – ім’я особи
Ім’я особи (НП) Єфименко Т.І
245 ## - Відомості про назву
Назва (НП) Методологічний фундамент економічних поглядів М.І, Тугана-Барановського (до 150-річчя від дня народження)
300 ## - Фізичний опис
Обсяг С.7-34
650 #7 - Додаткове предметне введення – тематичний термін
Тематичний термін чи географічна назва, як елемент введення (НП) 330 Економіка взагалі
Джерело заголовка чи терміна UDC
700 ## - Додаткове введення – ім'я особи
Ім’я особи (НП) Леоненко П.М.
773 0# - Введення хост-одиниці (П)
Контрольний номер запису (П) 112164
Назва (НП) Фінанси України
Місце, видавець та дата видання (НП) К.
-- 2015
Інформація про взаємозв’язок (П) 4
942 ## - Додаткові елементи входу (Коха)
Тип елемента Koha Стаття періодики
955 ## - Код типу видання за змістом
Код типу видання за змістом (НП) інше

Немає доступних примірників.